| 000 | 00422nam a22001577a 4500 | ||
|---|---|---|---|
| 008 | 211019b |||||||| |||| 00| 0 eng d | ||
| 020 | _a0702068010 | ||
| 050 |
_aQR181 _b.H45 2017 c.1 |
||
| 100 | _aHelbert, Matthew | ||
| 245 |
_aImmunology for medical students / _cMatthew Helbert |
||
| 250 | _a3rd ed. | ||
| 260 |
_aPhiladelphia _bElseveir _c2017 |
||
| 300 | _axii, 306p. | ||
| 650 | _aImmunology | ||
| 942 |
_2lcc _cBK |
||
| 999 |
_c19058 _d19057 |
||